000 00576cam a22002053a 4500
001 34776
003 PGUSA
005 20140828083742.0
008 101228s2010||||xxu|||||s|||||000 | eng d
040 _aPGUSA
_beng
042 _adc
100 1 _aSnaith, J. C.
_q(John Collis),
_d1876-1936
245 1 4 _aThe Wayfarers
_h[electronic resource] /
_cJ. C. Snaith
260 _bProject Gutenberg,
_c2010
506 _aPublic domain in the USA.
516 _aElectronic text
830 0 _aProject Gutenberg
_v34776
856 4 0 _uhttp://www.gutenberg.org/ebooks/34776
942 _cEB
999 _c264031
_d264031